Annuaire Européen Vol.36

Salvato in:
Dettagli Bibliografici
Natura: Libro
Lingua:olandese
Pubblicazione: Dordrecht Nijhoff 1990
Edizione:1. ed.
Tags: Aggiungi Tag
Nessun Tag, puoi essere il primo ad aggiungerne!!

MARC

LEADER 00000nam a2200000 4500
001 c032638
005 20260116093135.6
041 0 |a dut 
044 |a NL 
245 1 0 |a Annuaire Européen  |b Vol.36 
250 |a 1. ed. 
264 1 |a Dordrecht  |b Nijhoff  |c 1990 
300 |a Prer. s.